| 000 | 01185nam0a2200325 4500 | ||
|---|---|---|---|
| 001 | RU\NLR\bibl\1685889 | ||
| 005 | 20260405140956.0 | ||
| 021 |
_aRU _b2010-67947 _94473 |
||
| 035 | _a(nilc)RSL-KNO-004728819 | ||
| 035 | _a(NLR Aleph) 001677061 | ||
| 090 |
_a1077645 _c1077645 |
||
| 100 | _a20100906d2010 |||y0rusy50 ca | ||
| 101 | 0 | _arus | |
| 102 | _aRU | ||
| 105 | _ay zzzz||||| | ||
| 200 | 1 |
_aПолные света и тьмы _eпрозаические стихотворения _fВладимир Пешехонов |
|
| 210 |
_aМосква _cУ Никитских ворот _d2010 |
||
| 215 |
_a47 с. _d21 |
||
| 327 | 1 | _aСодерж.: циклы: Полные света и тьмы; Дорогой прежней и другой | |
| 686 |
_aШ5(2=Р)75-649.5 _2rubbk |
||
| 686 | _aШ6(2=Р)8-495 | ||
| 700 | 1 |
_4070 _8rus _7ca _aПешехонов _bВ. А. _f1949- _gВладимир Александрович _3RU\NLR\auth\7757119 _940051 |
|
| 801 | 0 |
_aRU _bРГБ _c20100906 _gRCR |
|
| 801 | 1 |
_aRU _bРГБ _c20100906 |
|
| 801 | 2 |
_aRU _bNLR _c20101013 _grcr |
|
| 830 | _aавт. по кн. | ||
| 942 | _cBOOK | ||
| 980 | _aNB | ||